000 nam a22 a 4500
999 _c498
_d498
005 20170504095400.0
008 170504b1980 -us||||| |||| 00| 0 eng d
020 _a0534006981
040 _aAKMAL
082 0 4 _a153.15 SWE
090 _a153.15
_bSWE
100 _aSwenson, Leland
_91129
245 _aTheories Of Learning
260 _aBelmont, California
_bWadswoth, Inc
_c1980
300 _a473pg
_c24cm
504 _aLearning, Psychology Of
504 _aConditioned Response
650 _aPsychology
_9859
942 _2ddc
_cBOOK